<?xml version="1.0" encoding="UTF-8"?><?xml-stylesheet type="text/xsl" href="static/style.xsl"?><OAI-PMH xmlns="http://www.openarchives.org/OAI/2.0/" xmlns:xsi="http://www.w3.org/2001/XMLSchema-instance" xsi:schemaLocation="http://www.openarchives.org/OAI/2.0/ http://www.openarchives.org/OAI/2.0/OAI-PMH.xsd"><responseDate>2026-04-14T06:45:35Z</responseDate><request verb="GetRecord" identifier="oai:www.recercat.cat:10459.1/467123" metadataPrefix="marc">https://recercat.cat/oai/request</request><GetRecord><record><header><identifier>oai:recercat.cat:10459.1/467123</identifier><datestamp>2025-09-15T18:31:21Z</datestamp><setSpec>com_2072_3622</setSpec><setSpec>col_2072_479130</setSpec></header><metadata><record xmlns="http://www.loc.gov/MARC21/slim" xmlns:dcterms="http://purl.org/dc/terms/" xmlns:xsi="http://www.w3.org/2001/XMLSchema-instance" xmlns:doc="http://www.lyncode.com/xoai" xsi:schemaLocation="http://www.loc.gov/MARC21/slim http://www.loc.gov/standards/marcxml/schema/MARC21slim.xsd">
   <leader>00925njm 22002777a 4500</leader>
   <datafield ind2=" " ind1=" " tag="042">
      <subfield code="a">dc</subfield>
   </datafield>
   <datafield ind2=" " ind1=" " tag="720">
      <subfield code="a">Sitko, Sebastian</subfield>
      <subfield code="e">author</subfield>
   </datafield>
   <datafield ind2=" " ind1=" " tag="720">
      <subfield code="a">López Laval, Isaac</subfield>
      <subfield code="e">author</subfield>
   </datafield>
   <datafield ind2=" " ind1=" " tag="720">
      <subfield code="a">Cirer-Sastre, Rafel</subfield>
      <subfield code="e">author</subfield>
   </datafield>
   <datafield ind2=" " ind1=" " tag="260">
      <subfield code="c">2024</subfield>
   </datafield>
   <datafield ind2=" " ind1=" " tag="520">
      <subfield code="a">Conventional strength training and core exercises are commonly prescribed to improve cycling performance. Although previous studies have explored the utility of strength training in various cycling populations, this intervention has never been compared to core exercises. Thirty-six trained road cyclists were divided into three groups of 12 participants that performed either no strength training, conventional strength training, or core exercises, in all cases together with their regular cycling training during a 12-week period. Peak power outputs (POs) across different durations (five seconds, 60 seconds, five minutes, and 20 minutes) were recorded before and after the intervention. The results of the present study showed higher increases in relative PO with conventional strength training when compared to core training and no strength training for all measured durations: five-second Δ = 1.25 W/kg vs 0.47 W/kg and -0.17 W/kg; 60-second (Δ = 0.51 W/kg vs 0.13 W/kg and 0.02 W/kg; five-minute Δ = 0.22 W/kg vs 0.06 W/kg and 0.05 W/kg; and 20-minute Δ = 0.22 W/kg vs 0.07 W/kg and 0.06 W/kg. According to the data obtained in this study, conventional strength training is superior to core exercises, and no strength training was performed by trained road cyclists. Accordingly, it is recommended that this population incorporates strength training during their regular weekly workouts.</subfield>
   </datafield>
   <datafield tag="653" ind2=" " ind1=" ">
      <subfield code="a">Strength</subfield>
   </datafield>
   <datafield tag="653" ind2=" " ind1=" ">
      <subfield code="a">Core training</subfield>
   </datafield>
   <datafield tag="653" ind2=" " ind1=" ">
      <subfield code="a">Endurance</subfield>
   </datafield>
   <datafield tag="653" ind2=" " ind1=" ">
      <subfield code="a">Bike</subfield>
   </datafield>
   <datafield tag="653" ind2=" " ind1=" ">
      <subfield code="a">Power output</subfield>
   </datafield>
   <datafield ind2="0" ind1="0" tag="245">
      <subfield code="a">Influence of Conventional Resistance Training Compared to Core Exercises on Road Cycling Power Output</subfield>
   </datafield>
</record></metadata></record></GetRecord></OAI-PMH>